Przepowiednia Ithlinne - Statystyki

Ogólne statystyki
  • Ten quiz został rozwiązany 8 razy
  • Średni wynik to 17 z 38
Statystyki odpowiedzi
Odpowiedź % Poprawnych
Czas
100%
Czas
100%
Czas
100%
Czas
100%
i
100%
i
100%
z
100%
z
100%
z
100%
Białego
80%
Białego
80%
Nadchodzi
80%
Zimna
80%
a
60%
Pogardy
60%
Końca
40%
Krwi
40%
mrozu
40%
Starszej
40%
Świat
40%
Światła
40%
Deireadh
20%
się
20%
się
20%
Szaleństwa
20%
Tedd
20%
umrze
20%
wśród
20%
ziarna
20%
Hen
0%
Ichaer
0%
nowym
0%
odrodzi
0%
Odrodzi
0%
słońcem
0%
wraz
0%
zasianego
0%
ze
0%
Nie znaleziono quizów pasujących do podanych kryteriów
Rozkład punktacji
Procent ludzi z każdym wynikiem
Percentyl według liczby udzielonych odpowiedzi
Twoja historia wyników
Nie rozwiązałeś tego quizu